000 01775cam a22002294a 4500
005 20250605164111.0
008 250528s ||||||||||||||||||||||||d
035 _a17911
020 _a031404339X
040 _aGR-AtMCL
_bgre
_dGR-AtMCL
_eAACR2
245 1 _aStrategic Management / Competitiveness and Globalization Concepts
260 _bWest Publishing Company,
_c1995
300 _a408
505 0 _aPreface, Strategic Management Inputs, Strategic Management and Strategic Competitiveness, The External Environment: Opportunities and Treats and Industry Competition and Competitor Analysis, The Internal Environment: Resources and Capabilities and Core Competencies, Business-Level Strategy, Competitive Dynamics, Corporate-Level Strategy, Acquisition and Restructuring Strategies, International Strategy, Corporate Governance, Structure and Control, Strategic Leadership, Corporate Entepreneurship and Innovation, Preparing an Effective Case Analysis, Name and Company and Subject Index.
520 _aPreface, Strategic Management Inputs, Strategic Management and Strategic Competitiveness, The External Environment: Opportunities and Treats and Industry Competition and Competitor Analysis, The Internal Environment: Resources and Capabilities and Core Competencies, Business-Level Strategy, Competitive Dynamics, Corporate-Level Strategy, Acquisition and Restructuring Strategies, International Strategy, Corporate Governance, Structure and Control, Strategic Leadership, Corporate Entepreneurship and Innovation, Preparing an Effective Case Analysis, Name and Company and Subject Index.
700 1 _aHitt Michael A
_92762
700 1 _aHoskisson Robert E
_94208
700 1 _aIreland Duane R
_91301
942 _cBK
999 _c3310
_d3310